<?xml version="1.0" encoding="UTF-8"?>
<record
    xmlns:xsi="http://www.w3.org/2001/XMLSchema-instance"
    xsi:schemaLocation="http://www.loc.gov/MARC21/slim http://www.loc.gov/standards/marcxml/schema/MARC21slim.xsd"
    xmlns="http://www.loc.gov/MARC21/slim">

  <leader>03767nam a2200445Ii 4500</leader>
  <controlfield tag="001">DIGPUZ0504</controlfield>
  <controlfield tag="003">NyNyDIG</controlfield>
  <controlfield tag="008">141201s2008    sp      ob    000 0 spa d</controlfield>
  <controlfield tag="006">m     o  d        </controlfield>
  <controlfield tag="007">cr |||||||||||</controlfield>
  <datafield tag="040" ind1=" " ind2=" ">
    <subfield code="a">DGITA</subfield>
    <subfield code="b">eng</subfield>
    <subfield code="e">rda</subfield>
    <subfield code="e">pn</subfield>
    <subfield code="c">DGITA</subfield>
  </datafield>
  <datafield tag="020" ind1=" " ind2=" ">
    <subfield code="z">8481271934</subfield>
  </datafield>
  <datafield tag="020" ind1=" " ind2=" ">
    <subfield code="z">9788481271935</subfield>
  </datafield>
  <datafield tag="043" ind1=" " ind2=" ">
    <subfield code="a">e-sp---</subfield>
  </datafield>
  <datafield tag="050" ind1="1" ind2="4">
    <subfield code="a">PQ6635.E65 eBook</subfield>
  </datafield>
  <datafield tag="100" ind1="1" ind2=" ">
    <subfield code="a">Sender, Ram&#xF3;n Jos&#xE9;,</subfield>
    <subfield code="d">1901-1982,</subfield>
    <subfield code="e">author.</subfield>
  </datafield>
  <datafield tag="245" ind1="1" ind2="0">
    <subfield code="a">Proclamaci&#xF3;n de la sonrisa :</subfield>
    <subfield code="b">ensayos /</subfield>
    <subfield code="c">Ram&#xF3;n J. S&#xE9;nder ; edici&#xF3;n, introducci&#xF3;n y notas de Jos&#xE9; Domingo Due&#xF1;as Lorente.</subfield>
  </datafield>
  <datafield tag="250" ind1=" " ind2=" ">
    <subfield code="a">Primera edici&#xF3;n.</subfield>
  </datafield>
  <datafield tag="264" ind1=" " ind2="1">
    <subfield code="a">Zaragoza :</subfield>
    <subfield code="b">Prensas Universitarias de Zaragoza, Instituto de Estudios Turolenses, Departamento de Educaci&#xF3;n, Cultura y Deporte del Gobierno de Arag&#xF3;n ;</subfield>
    <subfield code="a">Huesca :</subfield>
    <subfield code="b">Instituto de Estudios Altoaragoneses,</subfield>
    <subfield code="c">2008.</subfield>
  </datafield>
  <datafield tag="300" ind1=" " ind2=" ">
    <subfield code="a">1 online resource (lxiv, 359 pages)</subfield>
  </datafield>
  <datafield tag="336" ind1=" " ind2=" ">
    <subfield code="a">text</subfield>
    <subfield code="b">txt</subfield>
    <subfield code="2">rdacontent</subfield>
  </datafield>
  <datafield tag="337" ind1=" " ind2=" ">
    <subfield code="a">computer</subfield>
    <subfield code="b">c</subfield>
    <subfield code="2">rdamedia</subfield>
  </datafield>
  <datafield tag="338" ind1=" " ind2=" ">
    <subfield code="a">online resource</subfield>
    <subfield code="b">cr</subfield>
    <subfield code="2">rdacarrier</subfield>
  </datafield>
  <datafield tag="490" ind1="1" ind2=" ">
    <subfield code="a">Larumbe: Cl&#xE1;sicos Aragoneses ;</subfield>
    <subfield code="v">51. Filolog&#xED;a</subfield>
  </datafield>
  <datafield tag="500" ind1=" " ind2=" ">
    <subfield code="a">Compilation of essays previously published in newspapers and magazines.</subfield>
  </datafield>
  <datafield tag="504" ind1=" " ind2=" ">
    <subfield code="a">Includes bibliographical references (pages [347]-354).</subfield>
  </datafield>
  <datafield tag="505" ind1="0" ind2=" ">
    <subfield code="a">Periodismo republicano: hacia un nuevo humanismo / Jos&#xE9; Domingo Due&#xF1;as Lorente -- Discurso del dandi sobre la sonrisa -- Garcilaso y el Danubio azul -- Sublevaci&#xF3;n de la chumbera -- Domingo de resurrecci&#xF3;n -- La colina gris, Nietzsche y el crematorio -- Orden del d&#xED;a: teresa de Jes&#xFA;s -- Alfar, cuero y tul -- Un esteta en la URSS -- Carta a un pastor -- El saludo de don quijote -- Un atentado contra m&#xED;ster Roosevelt -- &#xD3;pera a veinte c&#xE9;ntimos -- El vagabundo en la puerta -- Epitafio a la camarada Franc&#xE9;s Mains -- La chilaba, el habus y el guembr&#xED; -- La dula de coscullano -- Dinamococo -- La semana del libro -- "3 obispos, 3" -- Uno del 98 ante las masas -- La virgen de fabana -- En el escorial -- Terror blanco -- La compa&#xF1;era del escritor -- M&#xE1;s sobre Bernard Shaw y el amor -- La cig&#xFC;e&#xF1;a en el ayuntamiento -- Del cerro del pimiento al de los m&#xE1;rtires -- Lo rojo y lo negro -- Cr&#xF3;nica frustrada del melanc&#xF3;lico oto&#xF1;o -- La raza -- Sobre la obra de Crommelynck -- El pobre kerenski -- Los visigodos, el nacionalismo y el moro marmita -- Goethe, 22-iii-1932 -- El domingo madrile&#xF1;o y la incongruencia -- Marte y el general -- El realismo y la novela -- Veinte mil duros -- Andr&#xE9; Gide en el cenit -- Una biograf&#xED;a de Stalin -- El buitre en la ex corte -- La guillotina y los franceses -- Protecci&#xF3;n de los molinos de viento -- Libertadores de am&#xE9;rica -- Tres cosas de la ciudad del cielo -- 1933 de la era cristiana -- Oro y mercurio de Almad&#xE9;n -- La rehabilitaci&#xF3;n veraniega de don nadie -- Comit&#xE9; nacional de la caza de jud&#xED;os -- "el hombre y la t&#xE9;cnica" -- El tiro de alarma -- El se&#xF1;or verdugo -- Rabelais e Ignacio, en el pinar -- Lunatcharski -- Villa malta, en roma -- Hacia el "anti-Toledo" -- El poeta setent&#xF3;n -- La sierra ni&#xF1;a.</subfield>
  </datafield>
  <datafield tag="588" ind1="0" ind2=" ">
    <subfield code="a">Online resource; title from PDF title page (Digitalia, viewed October 27, 2014)</subfield>
  </datafield>
  <datafield tag="651" ind1=" " ind2="0">
    <subfield code="a">Spain</subfield>
    <subfield code="x">Civilization.</subfield>
  </datafield>
  <datafield tag="700" ind1="1" ind2=" ">
    <subfield code="a">Due&#xF1;as Lorente, Jos&#xE9; Domingo,</subfield>
    <subfield code="e">editor.</subfield>
  </datafield>
  <datafield tag="655" ind1=" " ind2="0">
    <subfield code="a">Electronic books.</subfield>
  </datafield>
  <datafield tag="791" ind1="2" ind2=" ">
    <subfield code="a">Digitalia (Firm),</subfield>
    <subfield code="e">distributor.</subfield>
  </datafield>
  <datafield tag="793" ind1="0" ind2=" ">
    <subfield code="g">Digitalia eBook Collection:</subfield>
    <subfield code="a">Prensas Universitarias de Zaragoza</subfield>
  </datafield>
  <datafield tag="776" ind1="0" ind2="8">
    <subfield code="i">Print version:</subfield>
    <subfield code="a">Sender, Ram&#xF3;n Jos&#xE9;.</subfield>
    <subfield code="t">Proclamaci&#xF3;n de la sonrisa</subfield>
    <subfield code="d">Zaragoza, Espa&#xF1;a : Prensas Universitarias de Zaragoza, 2008</subfield>
    <subfield code="z">9788481271935</subfield>
    <subfield code="w">(OCoLC)419260061.</subfield>
  </datafield>
  <datafield tag="830" ind1=" " ind2="0">
    <subfield code="a">Larumbe ;</subfield>
    <subfield code="v">51.</subfield>
  </datafield>
  <datafield tag="830" ind1=" " ind2="0">
    <subfield code="a">Larumbe.</subfield>
    <subfield code="p">Filolog&#xED;a.</subfield>
  </datafield>
  <datafield tag="856" ind1="4" ind2="0">
    <subfield code="3">Digitalia Hisp&#xE1;nica</subfield>
    <subfield code="u">https://www.digitaliapublishing.com/a/2545/</subfield>
  </datafield>
  <datafield tag="910" ind1=" " ind2=" ">
    <subfield code="a">Premium Collection: 2014</subfield>
  </datafield>
  <datafield tag="942" ind1=" " ind2=" ">
    <subfield code="c">RAA</subfield>
  </datafield>
  <datafield tag="952" ind1=" " ind2=" ">
    <subfield code="0">0</subfield>
    <subfield code="1">0</subfield>
    <subfield code="4">0</subfield>
    <subfield code="7">0</subfield>
    <subfield code="8">DEH</subfield>
    <subfield code="a">BD-UIN</subfield>
    <subfield code="b">BD-UIN</subfield>
    <subfield code="d">2025-04-25</subfield>
    <subfield code="l">0</subfield>
    <subfield code="r">2025-04-25</subfield>
    <subfield code="w">2025-04-25</subfield>
    <subfield code="y">RAA</subfield>
  </datafield>
  <datafield tag="999" ind1=" " ind2=" ">
    <subfield code="c">230464</subfield>
    <subfield code="d">230464</subfield>
  </datafield>
</record>
